|
|
|
|
| LEADER |
01706cas a2200241 a 4500 |
| 001 |
AALejournalIMF021004 |
| 008 |
230101c9999 xx r poo 0 0eng d |
| 020 |
|
|
|c 5.00 USD
|
| 020 |
|
|
|z 9781513546063
|
| 022 |
|
|
|a 1018-5941
|
| 040 |
|
|
|a BD-DhAAL
|c BD-DhAAL
|
| 100 |
1 |
|
|a Dao, Mai.
|
| 245 |
1 |
0 |
|a Wealth Inequality and Private Savings :
|b The Case of Germany /
|c Mai Dao.
|
| 264 |
|
1 |
|a Washington, D.C. :
|b International Monetary Fund,
|c 2020.
|
| 300 |
|
|
|a 1 online resource (32 pages)
|
| 490 |
1 |
|
|a IMF Working Papers
|
| 500 |
|
|
|a <strong>Off-Campus Access:</strong> No User ID or Password Required
|
| 500 |
|
|
|a <strong>On-Campus Access:</strong> No User ID or Password Required
|
| 506 |
|
|
|a Electronic access restricted to authorized BRAC University faculty, staff and students
|
| 520 |
3 |
|
|a This paper explores the interaction between corporate ownership concentration and private savings, and by extension, the current account balance in Germany. As high corporate savings largely reflected capital income accruing to wealthy households and increasingly retained in closely-held firms, the buildup of external imbalances in Germany has been accompanied by widening top income inequality, rising private savings and compressed consumption rates. Rising corporate profits in an environment of high business wealth concentration account for 90 percent of the rise in the private savings rate and a third of the increase in the German current account surplus over 1999-2016.
|
| 538 |
|
|
|a Mode of access: Internet
|
| 830 |
|
0 |
|a IMF Working Papers; Working Paper ;
|v No. 2020/107
|
| 856 |
4 |
0 |
|z Full text available on IMF
|u http://elibrary.imf.org/view/journals/001/2020/107/001.2020.issue-107-en.xml
|z IMF e-Library
|